000 00972nam a22001697a 4500
005 20251202125519.0
020 _a978-8126568147
082 _a005.133(J) BUR
100 _aBarry Burd
_91171
245 _aJava for Dummies_7th Edition
250 _a7
260 _aWiley
_bNew Delhi
_c2023
300 _bItem Weight ‏ : ‎ 780 g Dimensions ‏ : ‎ 20.3 x 25.4 x 4.7 cm
520 _aJava For Dummies remains the straightforward reference on Java, covering object-oriented programming basics with Java, code reuse and the essentials of creating a Java program. The book helps readers create basic Java objects as well as figure out when they can reuse existing code. This edition is updated to cover the changes with the newest version of Java including enhanced multimedia capabilities, updates for Android and cloud coverage and new programming features such as closures, new libraries, new tools, parallel frameworks and more.
650 _aCSE
_914
942 _cBK
999 _c38077
_d38077